000 00392nam a2200181Ia 4500
001 546
005 20260306140526.0
008 260306t2007||||xx |||||||||||||| ||spa||
041 _aESP
082 _a128
_bA53
100 _aAmengual, Gabriel
_eAUT
245 0 _aAntropología filosófica
260 _c2007
300 _a
_c
650 _aGEN
654 _aCHU
942 _cLIB
_dJUS
_fJUS
_2ddc
_n
999 _c546
_d546